<?xml version="1.0" encoding="UTF-8"?>
<marc:record xmlns:marc="http://www.loc.gov/MARC21/slim">
   <marc:leader>00000nam a2200000 a 4500</marc:leader>
   <marc:datafield ind1="1" ind2=" " tag="100">
      <marc:subfield code="a">Boeker, Beate</marc:subfield>
      <marc:subfield code="4">aut</marc:subfield>
      <marc:subfield code="e">Verfasser/-in</marc:subfield>
   </marc:datafield>
   <marc:datafield ind1="0" ind2="0" tag="245">
      <marc:subfield code="a">Hochzeitstorte mit Todesfall</marc:subfield>
   </marc:datafield>
   <marc:datafield ind1="0" ind2="0" tag="245">
      <marc:subfield code="b">Kriminalroman</marc:subfield>
   </marc:datafield>
   <marc:datafield ind1="0" ind2="0" tag="245">
      <marc:subfield code="c">Beate Boeker ; aus dem Englischen von Beate Boeker</marc:subfield>
   </marc:datafield>
   <marc:datafield ind1=" " ind2="1" tag="264">
      <marc:subfield code="a">Berlin</marc:subfield>
      <marc:subfield code="b">Midnight</marc:subfield>
      <marc:subfield code="c">2018</marc:subfield>
   </marc:datafield>
   <marc:datafield ind1="1" ind2=" " tag="490">
      <marc:subfield code="a">Florentinische Morde</marc:subfield>
      <marc:subfield code="v">1</marc:subfield>
   </marc:datafield>
   <marc:datafield ind1=" " ind2=" " tag="250">
      <marc:subfield code="a">Deutsche Erstausgabe</marc:subfield>
   </marc:datafield>
   <marc:datafield ind1="1" ind2=" " tag="520">
      <marc:subfield code="a">Humorvoll, unterhaltsam, spannend &#x96; der Auftakt der beliebten Cosy-Crime Reihe der USA Today Bestseller-Autorin Beate Boeker Eine halbe Stunde vor der Hochzeit ihrer Cousine Emma finden Carlina und Emma ihren Großvater tot in seiner Wohnung in der Altstadt von Florenz. Carlina merkt schnell, dass Emma nicht bereit ist, ihre Hochzeit wegen des plötzlichen Todesfalls abzusagen &#x96; ein natürlicher Tod liegt ja auch nahe. Also lässt sich Carlina überreden, ihren toten Opa in seinem Bett zu verstecken und jedem zu erzählen, dass er sich nicht gut genug fühlte, um an der Hochzeit teilzunehmen. Nicht ahnend, dass dies dramatische Folgen haben wird: Am nächsten Morgen finden die Familienangehörigen die Leiche &#x96; und rufen die Polizei. Tatsächlich stellt sich heraus, dass Carlinas Opa vergiftet wurde. Und plötzlich ist sie die Hauptverdächtige des attraktiven Commissario Garini ... (Verlagstext)</marc:subfield>
   </marc:datafield>
   <marc:datafield ind1=" " ind2=" " tag="020">
      <marc:subfield code="a">9783958192201</marc:subfield>
      <marc:subfield code="9">9783958192201</marc:subfield>
   </marc:datafield>
   <marc:datafield ind1=" " ind2=" " tag="020">
      <marc:subfield code="a">3958192203</marc:subfield>
      <marc:subfield code="9">3958192203</marc:subfield>
   </marc:datafield>
   <marc:datafield ind1=" " ind2=" " tag="300">
      <marc:subfield code="a">328 Seiten</marc:subfield>
   </marc:datafield>
</marc:record>
